Pharmacopoea hispana. (Record no. 8294)

MARC details
000 -CABECERA
campo de control de longitud fija 01337nam a2200337 a 4500
001 - NÚMERO DE CONTROL
campo de control BRCA_8634
005 - FECHA Y HORA DE LA ÚLTIMA TRANSACCIÓN
campo de control 20190320210343.0
008 - DATOS DE LONGITUD FIJA--INFORMACIÓN GENERAL
campo de control de longitud fija 220916s1817----sp-#######---#000-0#lat-#
041 ## - CÓDIGO DE LENGUA
Código de lengua del texto/banda sonora o título independiente lat
044 ## - CÓDIGO DEL PAÍS DE LA ENTIDAD EDITORA/PRODUCTORA
Código MARC del país sp
050 #4 - SIGNATURA TOPOGRÁFICA DE LA BIBLIOTECA DEL CONGRESO
Número de clasificación RS141.54
Número de documento/Ítem .P43
-- 1817
245 10 - MENCIÓN DE TÍTULO
Título Pharmacopoea hispana.
250 ## - MENCIÓN DE EDICIÓN
Mención de edición Editio quarta
260 ## - PUBLICACIÓN, DISTRIBUCIÓN, ETC.
Lugar de publicación, distribución, etc. Matriti
Nombre del editor, distribuidor, etc. Apud M. Repullés
Fecha de publicación, distribución, etc. 1817
300 ## - DESCRIPCIÓN FÍSICA
Extensión viii,358 p.
Dimensiones 22 cm
500 ## - NOTA GENERAL
Nota general Fondo antiguo
500 ## - NOTA GENERAL
Nota general Se encuentra en Caja Fuerte
500 ## - NOTA GENERAL
Nota general CO8-96
500 ## - NOTA GENERAL
Nota general Grabado en portada
500 ## - NOTA GENERAL
Nota general Con ex-libris de: Esta y otras varias obras, de todas clases se hallrán en Cádiz en la librería de Hortal y Compañía, plazuela de San Agustín
500 ## - NOTA GENERAL
Nota general Se localiza un sello en la primera página del documento: ´botica de la manterilla´
500 ## - NOTA GENERAL
Nota general Contiene prefacio
500 ## - NOTA GENERAL
Nota general Incluye índice de los capítulos y medicamentos
500 ## - NOTA GENERAL
Nota general Rubrica en la página 358 ´Manuel de Grania y Rivera´
500 ## - NOTA GENERAL
Nota general Estado físico: se observa daño por polilla en las páginas 67-145 y 269-304
506 0# - NOTA DE RESTRICCIONES AL ACCESO
Limitaciones de acceso Fondo reservado: para su consulta es necesario credencial de usuario y carta de motivos
650 14 - PUNTO DE ACCESO ADICIONAL DE MATERIA--TÉRMINO DE MATERIA
Término de materia o nombre geográfico como elemento de entrada Farmacopeas
Subdivisión de forma Obras anteriores a 1800
Subdivisión geográfica España
9 (RLIN) 21558
650 14 - PUNTO DE ACCESO ADICIONAL DE MATERIA--TÉRMINO DE MATERIA
Término de materia o nombre geográfico como elemento de entrada Medicamentos
Término indicativo de función/relación Especificaciones para preparaciones
9 (RLIN) 21559
902 ## - CATALOGADOR
Iniciales LAR
942 ## - ELEMENTOS DE PUNTO DE ACCESO ADICIONAL (KOHA)
Fuente del sistema de clasificación o colocación Library of Congress Classification
Tipo de ítem Koha Libros
Holdings
Estado de retiro Estado de pérdida Estado dañado No para préstamo Localización permanente Ubicación/localización actual Fecha de adquisición Número de inventario Total de préstamos Signatura topográfica completa Código de barras Fecha visto por última vez Precio válido a partir de Tipo de ítem Koha
El ejemplar forma parte de la colección y puede ser consultado según las políticas vigentes.       Biblioteca del Museo Franz Mayer (Rogerio Casas-Alatriste) Biblioteca del Museo Franz Mayer (Rogerio Casas-Alatriste) 22/09/2016 CO8-96   RS141.54 .P43 1817 (CO8-96) LAR00140 22/03/2019 22/03/2019 Libros